000 00640cam a22002292a 4500
999 _c28460
_d28460
001 022763
003 AR-FADEU
005 20220405153550.0
008 311216n1994####xxu####################dd
020 _a84-233-2437-0
040 _cBiblioteca Ernesto Sábato
092 _a759.918
_bL937
_eBDGR
100 _aLucie Smith, Edward
245 _aArte latinoamericano del siglo XX
260 _aBarcelona
260 _bDestino
260 _c1994
300 _a215 p. : il. col
500 _aContiene: 171 ilustraciones, 38 en color -- Incluye bibliografĂ­a
650 _aARTE-AMERICA LATINA- SIGLO XX/NS/
942 _cBDGR
_2ddc